Lady Macbeth of Mtsensk and other stories /

Bibliographic Details
Main Author: Leskov, N. S. (Nikolaĭ Semenovich), 1831-1895
Other Authors: McDuff, David
Format: Book
Language:English
Published: Harmondsworth, Middlesex, England ; New York, N.Y., U.S.A. : Penguin, 1987.
Series:Penguin classics.

MARC

Tag First Indicator Second Indicator Subfields
LEADER 00000cam a2200000 a 4500
001 in00000033264
005 20151007060542.0
008 871221s1987 enk b 00011 eng d
020 |a 0140444912 (pbk.) 
035 |a (OCoLC)17272884 
035 |9 AAC1118AM 
040 |a JNA  |c JNA  |d TXA  |d UtOrBLW 
041 1 |a eng  |h rus 
049 |a TXAM  |c [A11699835] 
050 4 |a PG3337.L5  |b A254 1987 
100 1 |a Leskov, N. S.  |q (Nikolaĭ Semenovich),  |d 1831-1895. 
245 1 0 |a Lady Macbeth of Mtsensk and other stories /  |c Nikolai Leskov ; translated with an introduction by David McDuff. 
264 1 |a Harmondsworth, Middlesex, England ;  |a New York, N.Y., U.S.A. :  |b Penguin,  |c 1987. 
300 |a 424 pages ;  |c 20 cm. 
336 |a text  |b txt  |2 rdacontent 
337 |a unmediated  |b n  |2 rdamedia 
338 |a volume  |b nc  |2 rdacarrier 
490 1 |a Penguin classics 
504 |a Includes bibliographical references. 
700 1 |a McDuff, David. 
830 0 |a Penguin classics. 
999 |a MARS 
999 f f |s b38dea87-8fe8-31bf-b52c-78d2b0e443b5  |i c49e44df-5eff-3aeb-bf75-744793e52b0e  |t 0 
952 f f |p normal  |a Texas A&M University  |b College Station  |c Sterling C. Evans Library  |d Evans: Library Stacks  |t 0  |e PG3337.L5 A254 1987  |h Library of Congress classification  |i unmediated -- volume  |m A14811699835 
998 f f |a PG3337.L5 A254 1987  |t 0  |l Evans: Library Stacks